| 000 | 00652cam a2200229Ia 4500 | ||
|---|---|---|---|
| 999 |
_c2360 _d2360 |
||
| 001 | 2185208 | ||
| 003 | OCoLC | ||
| 005 | 20181011183705.0 | ||
| 008 | 760520s1958 miu b 000 0 eng d | ||
| 040 |
_aPKT _cPKT _dOCL _dWIT |
||
| 082 | _aREF 225.5 | ||
| 090 |
_aBS2095 _b.S45 1958 |
||
| 130 | 0 |
_aBible. _pN.T. _lEnglish. _sSiewert. _f1958 |
|
| 245 | 1 | 4 | _aThe amplified New Testament |
| 250 | _a13th ed | ||
| 260 |
_aGrand Rapids : _bZondervan Pub. House, _cc1958 |
||
| 300 |
_a989, [21] p. ; _c18 cm |
||
| 500 | _aTranslation by Frances E. Siewert | ||
| 504 | _aIncludes bibliographical references | ||
| 700 | 1 | _aSiewert, Frances E | |
| 942 |
_2ddc _cREF |
||